000 00476nam a2200193Ia 4500
003 OSt
005 20230509163522.0
008 210423s1998 xx 000 0 und d
040 _cAL
041 _aeng
082 _a303.4
_223
_bSINS
100 _aSINGH (K).
_9101680
245 _aSocial control and social change.
260 _aLucknow
_bPrakashan Kendra
_c1998
300 _av,26
_bPB
365 _b72
_cINR
906 _achange. ; control ; Social
942 _2ddc
_cBK
999 _c171789
_d171789